000
00310nam a22001337a 4500
003
SGT
020
_a
978-93-5090-206-6
082
_a
617
_b
P13M
100
_a
MITRA, PUSHPAL K.
245
_a
TB. OF PHYSIOTHERAPY IN SURGICAL CONDITIONS
260
_a
INDIA
_b
JAYPEE PUB
_c
2013
300
_a
259
942
_2
ddc
_c
BK
999
_c
18219
_d
18219